01123nam a2200265Ia 4500001000700000003000500007005001700012008004100029010001100070040000900081100003000090245018000120260003300300300000700333502019000340650002800530650002800558650002000586650001700606700004400623700004600667700004600713700004100759856005700800Z_6568CHAP20230906191857.0220113s2013 xx 000 0 und d a169839 cCHAP aAguirre Salazar, Humberto aEvaluación externa del funcionamiento y operación de la campaña contra aujeszky en el Estado de Guanajuato 2012 /cHumberto Aguirre Salazar y Sergio Ivan Ocampo Cabrera aMéxico :bEl autor,c2013 aCD aTesis (Ingeniero Agrónomo Especialista en Zootecnia) -- UACh, 2013 \ Director: Hermilo Suárez Domínguez; asesoría: L. Myriam Sagarnaga Villegas y José María Salas González aCampaña zoosanitarias aDiagnostico de Aujeszky aPlan de trabajo aPlaneación a Sagarnaga Villegas, L. Myriam, asesor  a Salas González, José María, asesor a Suárez Domínguez, Hermilo, director  aOcampo Cabrera, Sergio Ivan, coaut. 42uhttp://10.13.5.2/tesis/sist108902.pdfyDescargar PDF